大阪府の市町村 人口順 - Statistics

General Stats
  • This quiz has been taken 156 times
  • The average score is 30 of 41
Answer Stats
Answer 人口 % Correct
1 大阪市 2,791,907
99%
2 堺市 806,860
97%
3 東大阪市 485,357
97%
4 豊中市 398,145
92%
6 枚方市 390,045
91%
7 高槻市 347,586
91%
5 吹田市 393,714
88%
8 茨木市 290,614
88%
10 寝屋川市 223,604
86%
21 泉佐野市 99,489
85%
11 岸和田市 184,410
82%
23 摂津市 87,124
82%
22 河内長野市 96,348
81%
9 八尾市 258,712
80%
13 守口市 140,454
80%
41 千早赤阪村 4,524
77%
33 阪南市 48,162
76%
12 和泉市 181,763
75%
14 箕面市 137,746
74%
20 池田市 103,979
74%
16 門真市 115,430
72%
30 泉南市 57,190
72%
24 貝塚市 80,718
71%
26 泉大津市 72,764
71%
19 富田林市 104,572
70%
29 大阪狭山市 57,461
70%
25 交野市 74,617
69%
15 大東市 115,682
68%
32 四條畷市 53,451
67%
27 柏原市 66,978
65%
28 藤井寺市 61,795
65%
40 能勢町 8,324
65%
17 松原市 114,893
62%
18 羽曳野市 105,741
62%
31 高石市 54,040
59%
38 岬町 13,778
57%
35 島本町 30,868
54%
36 豊能町 17,024
53%
39 太子町 12,430
47%
37 河南町 14,864
46%
34 熊取町 42,947
43%
No matching quizzes found
Score Distribution
Percent of People with Each Score
Percentile by Number Answered
Your Score History
You have not taken this quiz